000 00383nam a22001697a 4500
003 MACL
005 20160114163234.0
008 160114b xxu||||| |||| 00| 0 eng d
040 _cMACL
041 _aEnglish
082 _a300/GEE
100 _aGeetha,V.
_918765
245 _aGender
260 _aKolkata
_bBhatkal and Sen
_c2009
650 _aSociology
_932365
942 _2ddc
_cBK
999 _c52299
_d52299